000 01084cam a2200313 a 4500
001 12457610
003 ARRUPE
005 20131219165237.0
008 001217s2001 enkab e b 001 0beng
010 _a 2001409800
020 _a0002570033
035 _a(UkLWHE)b000090819
040 _aDLC
_cDLC
_dDLC
043 _af------
_af-ke---
050 0 0 _aDT433.573.G76
_bP35 2001
082 0 0 _a967.62/03
_221
100 1 _aPaice, Edward.
_96113
245 1 0 _aLost lion of empire :
_bthe life of Cape-to-Cairo Grogan /
_cEdward Paice.
260 _aLondon :
_bHarperCollins,
_c2001.
300 _axv, 470 p. :
_bill., maps ;
_c24 cm.
504 _aIncludes bibliographical references (p. 445-452) and index.
600 1 0 _aGrogan, Ewart Scott,
_d1874-
_96114
650 0 _aPioneers
_zKenya
_vBiography.
_96115
650 0 _aAdventure and adventurers
_zAfrica
_vBiography.
_96116
651 0 _aKenya
_xHistory
_y1895-1963.
_96117
906 _a7
_bcbc
_corigres
_d2
_encip
_f20
_gy-gencatlg
942 _2lcc
_cMONOGRAPH
999 _c119399
_d119399